Reveille for Radicals : (Record no. 608726)

MARC details
000 -LEADER
fixed length control field 00491nam a2200193 a 4500
008 - FIXED-LENGTH DATA ELEMENTS--GENERAL INFORMATION
fixed length control field 260120s1989##################000#0#eng##
020 ## - INTERNATIONAL STANDARD BOOK NUMBER
ISBN 9780679721123
082 04 - DEWEY DECIMAL CLASSIFICATION NUMBER
Classification number 303.484
Item number ALI
100 1# - MAIN ENTRY--AUTHOR NAME
Personal name Alinsky, Saul,
245 10 - TITLE STATEMENT
Title Reveille for Radicals :
260 ## - PUBLICATION, DISTRIBUTION, ETC. (IMPRINT)
Name of publisher Vintage,
Year of publication 1989.
300 ## - PHYSICAL DESCRIPTION
Number of Pages 257 pages
650 #0 - SUBJECT ADDED ENTRY--TOPICAL TERM
Topical Term Political Science.
942 ## - ADDED ENTRY ELEMENTS (KOHA)
Koha item type English Books
Holdings
Withdrawn status Lost status Damaged status Not for loan Home library Current library Shelving location Date acquired Full call number Accession Number Price effective from Koha item type
        Anna Centenary Library Anna Centenary Library 3RD FLOOR, B WING 20.01.2026 303.484 ALI 378864 20.01.2026 English Books

Find us on the map